В столиці і на периферії: [Укр.-кан. проект "Молодь за здоров'я-2" у Березнів. р-ні набирає обертів] (Запис № 303783)

МАРК-запис
000 -Лідер
fixed length control field 00659nam a22001817a 4500
003 - Ідентифікатор контрольного номера
control field UA-OsUOA
001 - Контрольний номер
control field 17615
007 - Фіксоване поле фізичного опису
fixed length control field ta
008 - Елементи даних фіксованої довжини – загальна інформація
fixed length control field 20040318b un ||||| |||| 00| 0 ukr d
040 ## - Джерело каталогізації
Агенція оригінальної каталогізації UA-OsUOA
Агенція, яка здійснювала перезапис UA-OsUOA
Агенція, яка здійснювала модифікацію UA-OsUOA
100 ## - Основне введення – ім’я особи
Ім’я особи (НП) Ярмолюк Н.
245 ## - Відомості про назву
Назва (НП) В столиці і на периферії: [Укр.-кан. проект "Молодь за здоров'я-2" у Березнів. р-ні набирає обертів]
300 ## - Фізичний опис
Обсяг С.2
650 #7 - Додаткове предметне введення – тематичний термін
Тематичний термін чи географічна назва, як елемент введення (НП) Краєзнавча робота
Джерело заголовка чи терміна UDC
773 0# - Введення хост-одиниці (П)
Контрольний номер запису (П) 0
Назва (НП) Надслучанський вісник
Місце, видавець та дата видання (НП) Березне
-- 2004
Інформація про взаємозв’язок (П) N20/3 берез./
942 ## - Додаткові елементи входу (Коха)
Тип елемента Koha Стаття періодики
955 ## - Код типу видання за змістом
Код типу видання за змістом (НП) інше

Немає доступних примірників.